000 00706nam a2200253Ia 4500
003 0100
008 130303s9999 xx 000 0 und d
020 _a0415060281
040 _cARRUPELIB
050 _aHB72.R69 1991
100 _aRoy, Subroto
245 _aPhilosophy of economics
245 _bon the scope of reason in economic inquiry
260 _aLondon
260 _bRoutledge
260 _C1991
300 _a236p.
300 _b 23 cm
440 _aInternational library of philosophy
650 _bHeidegger, Martin, 1889-1976--Contributions in religious thought
650 _cReligious thought--19th century
650 _dReligious thought--20th century
942 _2lcc
_03
999 _c61198
_d61198